000 00799cam a22002653a 4500
001 2233
003 PGUSA
005 20140828083012.0
008 000601s2000||||xxu|||||s|||||000 1 eng d
040 _aPGUSA
_beng
042 _adc
050 4 _aPR
100 1 _aWodehouse, P. G.
_q(Pelham Grenville),
_d1881-1975
245 1 2 _aA Damsel in Distress
_h[electronic resource] /
_cP. G. Wodehouse
260 _bProject Gutenberg,
_c2000
506 _aPublic domain in the USA.
516 _aElectronic text
653 _aShropshire (England) -- Fiction
653 _aNobility -- Fiction
653 _aBlandings Castle (England : Imaginary place) -- Fiction
653 _aHumorous stories
830 0 _aProject Gutenberg
_v2233
856 4 0 _uhttp://www.gutenberg.org/ebooks/2233
942 _cEB
999 _c231570
_d231570